Nat︠s︡ionalʹnyĭ dokhod SSSR v poslevoennyĭ period.

Saved in:
Bibliographic Details
Main Author: Vikentʹev, Aleksandr Isaevich.
Format: Book
Language:Russian
Published: Moskva, Gos. statisticheskoe izd-vo, 1957.
Subjects:
Tags: Add Tag
No Tags, Be the first to tag this record!
LEADER 00573nam a2200205I 4500
001 006830562-1
005 20020606163548.3
008 930322s1957 ru 000 0 rusr
010 |a  57049221  
035 0 |a ocm27777698 
040 |a DLC  |c CUY  |d CUY  |d HLS 
043 |a e-ur--- 
050 0 |a HC340.I5  |b V5 
100 1 |a Vikentʹev, Aleksandr Isaevich. 
245 1 0 |a Nat︠s︡ionalʹnyĭ dokhod SSSR v poslevoennyĭ period. 
260 |a Moskva,  |b Gos. statisticheskoe izd-vo,  |c 1957. 
300 |a 46 p.  |c 20 cm. 
650 0 |a Income  |z Soviet Union. 
988 |a 20020608 
906 |0 DLC